<?xml version="1.0" encoding="UTF-8"?>
<record
    xmlns:xsi="http://www.w3.org/2001/XMLSchema-instance"
    xsi:schemaLocation="http://www.loc.gov/MARC21/slim http://www.loc.gov/standards/marcxml/schema/MARC21slim.xsd"
    xmlns="http://www.loc.gov/MARC21/slim">

  <leader>00788nam a22002293i 4500</leader>
  <controlfield tag="001"> 69229) </controlfield>
  <controlfield tag="003">BD-RjUL</controlfield>
  <controlfield tag="005">20230917162924.0</controlfield>
  <controlfield tag="008">201123m19491957ii            ||| | urd d</controlfield>
  <datafield tag="035" ind1=" " ind2=" ">
    <subfield code="a">(BD-RjUL) 69229) </subfield>
  </datafield>
  <datafield tag="040" ind1=" " ind2=" ">
    <subfield code="a">UkOxU</subfield>
    <subfield code="b">eng</subfield>
    <subfield code="e">rda</subfield>
    <subfield code="c">UkOxU</subfield>
  </datafield>
  <datafield tag="041" ind1=" " ind2=" ">
    <subfield code="a">urd</subfield>
  </datafield>
  <datafield tag="082" ind1=" " ind2=" ">
    <subfield code="2">23</subfield>
    <subfield code="a">954.088297</subfield>
    <subfield code="b">FAT 1949</subfield>
  </datafield>
  <datafield tag="100" ind1="1" ind2="0">
    <subfield code="a">&#x641;&#x631;&#x64A;&#x62F;&#x627;&#x628;&#x627;&#x62F;&#x64A;, &#x633;&#x64A;&#x62F; &#x647;&#x627;&#x634;&#x645;&#x64A;  ;; Faridabadi, Sayyed Hashemi</subfield>
    <subfield code="9">9018</subfield>
  </datafield>
  <datafield tag="245" ind1="0" ind2="0">
    <subfield code="a">&#x62A;&#x627;&#x631;&#x64A;&#x62E; &#x645;&#x644;&#x651;&#x62A; &#x639;&#x631;&#x628;&#x64A;  / T&#x101;r&#x12B;k&#x332;h&#x332;-i millat Arabi /</subfield>
    <subfield code="c">Seyed Hashemi Faridabadi  ;;  &#x633;&#x64A;&#x62F; &#x647;&#x627;&#x634;&#x645;&#x64A; &#x641;&#x631;&#x64A;&#x62F;&#x627;&#x628;&#x627;&#x62F;&#x64A;</subfield>
  </datafield>
  <datafield tag="264" ind1=" " ind2="1">
    <subfield code="a">Karachi :</subfield>
    <subfield code="b">Anjuman taraqi Urdu,</subfield>
    <subfield code="c">[1957.]</subfield>
  </datafield>
  <datafield tag="300" ind1=" " ind2=" ">
    <subfield code="a">584 .; ;</subfield>
    <subfield code="c">22 cm.</subfield>
  </datafield>
  <datafield tag="650" ind1=" " ind2=" ">
    <subfield code="2">Islamic Empire </subfield>
  </datafield>
  <datafield tag="650" ind1=" " ind2=" ">
    <subfield code="a">Islamic Empire </subfield>
    <subfield code="v">History</subfield>
    <subfield code="9">9019</subfield>
  </datafield>
  <datafield tag="650" ind1=" " ind2=" ">
    <subfield code="a">Muslims India </subfield>
    <subfield code="v">History</subfield>
    <subfield code="9">9020</subfield>
  </datafield>
  <datafield tag="942" ind1=" " ind2=" ">
    <subfield code="2">ddc</subfield>
    <subfield code="c">BK</subfield>
  </datafield>
  <datafield tag="999" ind1=" " ind2=" ">
    <subfield code="c">69229</subfield>
    <subfield code="d">69229</subfield>
  </datafield>
  <datafield tag="952" ind1=" " ind2=" ">
    <subfield code="0">0</subfield>
    <subfield code="1">0</subfield>
    <subfield code="2">ddc</subfield>
    <subfield code="4">0</subfield>
    <subfield code="7">1</subfield>
    <subfield code="8">NFIC</subfield>
    <subfield code="a">RUCL</subfield>
    <subfield code="b">RUCL</subfield>
    <subfield code="c">Reading</subfield>
    <subfield code="d">2023-09-17</subfield>
    <subfield code="l">0</subfield>
    <subfield code="o">U 954.088297 FAT 1949</subfield>
    <subfield code="r">2023-09-17 00:00:00</subfield>
    <subfield code="t">C-1</subfield>
    <subfield code="w">2023-09-17</subfield>
    <subfield code="y">BK</subfield>
  </datafield>
  <datafield tag="952" ind1=" " ind2=" ">
    <subfield code="0">0</subfield>
    <subfield code="1">0</subfield>
    <subfield code="2">ddc</subfield>
    <subfield code="4">0</subfield>
    <subfield code="7">0</subfield>
    <subfield code="8">NFIC</subfield>
    <subfield code="a">RUCL</subfield>
    <subfield code="b">RUCL</subfield>
    <subfield code="c">GEN</subfield>
    <subfield code="d">2025-07-15</subfield>
    <subfield code="l">0</subfield>
    <subfield code="o">U 954.088297 FAT 1949</subfield>
    <subfield code="r">2025-07-15 00:00:00</subfield>
    <subfield code="t">C-2</subfield>
    <subfield code="w">2025-07-15</subfield>
    <subfield code="y">BK</subfield>
  </datafield>
</record>
